Apuntes: Revista de Ciencias Sociales

Detalhes bibliográficos
Autor Corporativo: Universidad del Pacífico (Ecuador)
Formato: Periódico
Idioma:Spanish
Assuntos:

MARC

LEADER 00000cas a2200000 a 4500
003 Ucuenca
005 20240113063625.0
008 990101|1990 pe |||||r|||||||||||spa||
022 |a 0252-1865 
040 |b spa 
041 0 |a spa 
082 0 |a 300.5  |b U48a 
110 2 |a Universidad del Pacífico (Ecuador).  |9 104679 
245 |a Apuntes: Revista de Ciencias Sociales  |c Universidad del Pacífico  |h imp 
264 |a Lima  |b Centro de Investigación de la Universidad del Pacífico  |c 1990 
300 |a 128 páginas:  |c 24.5 cm 
362 |a no. 26 (primer semestre, 1990) 
650 |a Revista apuntes  |9 182444 
650 0 |a Economía  |9 2331 
852 |a UC-CDJBV 
942 |c SER  |z nube.salto@ucuenca.edu.ec 
999 |c 151240  |d 151240